[Event "Split rapid op 6th"]
[White "Cogelja, Mihovil Niko"]
[Black "Karlovic, Zvonimir"]
[Site "Split"]
[Round "2"]
[Result "0-1"]
[Date "2024.08.08"]
[WhiteElo "1856"]
[BlackElo "2090"]
[PlyCount "94"]
[EventDate "2024.08.08"]
[EventType "swiss (rapid)"]
[EventRounds "7"]
[EventCountry "CRO"]
[SourceTitle "CBM 221 Extra"]
[Source "ChessBase"]
[SourceDate "2024.09.30"]
[SourceVersion "1"]
[SourceVersionDate "2024.09.30"]
[SourceQuality "1"]

1. e4 e6 2. d4 d5 3. Nd2 Nc6 4. c3 e5 5. Ne2 exd4 6. Nxd4 Nxd4 7. cxd4 dxe4 8. Nxe4 Bb4+ 9. Bd2 Bxd2+ 10. Qxd2 Qe7 11. Qe2 Bd7 12. Nc3 0-0-0 13. Qxe7 Nxe7 14. Bd3 Bc6 15. 0-0 Rxd4 16. Rad1 Rhd8 17. Be2 Rd2 18. b3 Rxd1 19. Rxd1 Rxd1+ 20. Nxd1 Kd7 21. Nc3 Kd6 22. f3 Kc5 23. Bc4 f6 24. Kf2 b5 25. Bf7 a5 26. a3 Nf5 27. Ke2 b4 28. axb4+ axb4 29. Ne4+ Bxe4 30. fxe4 Nd6 31. Bd5 Kd4 32. Bg8 h6 33. Bh7 Nxe4 34. g3 Nc5 35. Bc2 Kc3 36. Bd1 Nxb3 37. Ke3 c5 38. h4 Nd4 39. g4 c4 40. h5 b3 41. Bxb3 cxb3 42. Ke4 b2 43. Kf4 b1Q 44. g5 hxg5+ 45. Kg3 Qg1+ 46. Kh3 Nf5 47. h6 Qg3# 0-1